La democracia - principios y valores - y su desarrollo en los países centroamericanos /
Na minha lista:
| Autor principal: | |
|---|---|
| Formato: | Texto |
| Tags: |
Adicionar Tag
Sem tags, seja o primeiro a adicionar uma tag!
|
MARC
| LEADER | 00000 a a2200000 04500 | ||
|---|---|---|---|
| 001 | 47818 | ||
| 003 | |||
| 040 | |||
| 100 | |a Erbsen de Maldonado, Karin | ||
| 245 | |a La democracia - principios y valores - y su desarrollo en los países centroamericanos / |c Karin Erbsen de Maldonado | ||
| 773 | |g número10, (abril-junio, 1988), páginas 9-17 | ||
| 999 | |c 32931 |d 32931 | ||
